Eintracht Frankfurt Biggest Transfers - Statistics

General Stats
  • This quiz has been taken 135 times
  • The average score is 60 of 138
Answer Stats
% Correct
Incomings Serbia ST Luka Jovic 19/20 Benfica
97%
Incomings Serbia ST Luka Jovic 20/21 Real Madrid
97%
Outgoings Serbia ST Luka Jovic 19/20 Real Madrid
97%
Incomings Germany GK Kevin Trapp 19/20 Paris Saint-Germain
93%
Incomings Germany GK Kevin Trapp 12/13 Kaiserslautern
93%
Outgoings Germany GK Kevin Trapp 15/16 Paris Saint-Germain
93%
Outgoings France ST Randal Kolo Muani 23/24 Paris Saint-Germain
91%
Incomings Portugal ST Andre Silva 20/21 Milan
89%
Outgoings Portugal ST Andre Silva 21/22 RB Leipzig
89%
Incomings Serbia LM Filip Kostic 19/20 Hamburg
89%
Outgoings Serbia LM Filip Kostic 22/23 Juventus
89%
Incomings Croatia LW Ante Rebic 18/19 Fiorentina
88%
Outgoings Croatia LW Ante Rebic 20/21 Milan
88%
Incomings Denmark AM Jesper Lindstrom 21/22 Brondby
87%
Outgoings Denmark AM Jesper Lindstrom 23/24 Napoli
87%
Incomings Austria CB Martin Hinteregger 19/20 Augsburg
87%
Incomings Ivory Coast ST Sebastien Haller 17/18 Utrecht
87%
Outgoings Ivory Coast ST Sebastien Haller 19/20 West Ham United
87%
Incomings Switzerland CM Djibril Sow 19/20 Young Boys
84%
Outgoings Switzerland CM Djibril Sow 23/24 Sevilla
84%
Incomings Sweden CM Hugo Larsson 23/24 Malmo
81%
Incomings Ecuador CB Willian Pacho 23/24 Royal Antwerp
81%
Incomings Netherlands ST Bas Dost 19/20 Sporting CP
80%
Outgoings Netherlands ST Bas Dost 20/21 Club Brugge
80%
Incomings Norway LW Jens Petter Hauge 22/23 Milan
75%
Incomings Norway LW Jens Petter Hauge 21/22 Milan
75%
Incomings Germany AM Mario Gotze 22/23 PSV
75%
Incomings Germany CM Sebastian Rode 19/20 Borussia Dortmund
75%
Incomings Algeria LW Fares Chaibi 23/24 Toulouse
73%
Incomings Argentina ST Lucas Alario 22/23 Bayer Leverkusen
69%
Incomings Germany RM Ansgar Knauff 23/24 Borussia Dortmund
68%
Incomings Japan AM Daichi Kamada 17/18 Sagan Tosu
63%
Incomings France LB Niels Nkounkou 23/24 Saint-Etienne
63%
Incomings Germany LB Philipp Max 23/24 PSV
63%
Incomings Ivory Coast CB Evan Ndicka 18/19 Auxerre
61%
Incomings Croatia DM Kristijan Jakic 22/23 Dinamo Zagreb
61%
Outgoings Germany RB Marius Wolf 18/19 Borussia Dortmund
60%
Incomings France CM Junior Dina Ebimbe 23/24 Paris Saint-Germain
59%
Incomings Denmark GK Frederik Ronnow 18/19 Brondby
57%
Outgoings Denmark GK Frederik Ronnow 21/22 Union Berlin
57%
Incomings United States AM Paxten Aaronson 22/23 Philadelphia Union
57%
Incomings Portugal ST Goncalo Paciencia 18/19 Porto
56%
Outgoings Portugal ST Goncalo Paciencia 20/21 Schalke
56%
Incomings Finland GK Lukas Hradecky 15/16 Brondby
56%
Outgoings Germany GK Diant Ramaj 23/24 Ajax
53%
Incomings Germany DM Dominik Kohr 19/20 Bayer Leverkusen
53%
Outgoings Germany DM Dominik Kohr 22/23 Mainz
53%
Incomings Mexico AM Marco Fabian 15/16 Guadalajara
53%
Incomings Serbia AM Mijat Gacinovic 15/16 Apollon Limassol
53%
Outgoings Serbia AM Mijat Gacinovic 20/21 Hoffenheim
53%
Incomings Brazil CB Tuta 18/19 Sao Paulo
53%
Incomings Germany ST Jessic Ngankam 23/24 Hertha Berlin
52%
Incomings Croatia CB Hrvoje Smolcic 22/23 HNK Rijeka
47%
Outgoings Nigeria AM Jay-Jay Okocha 96/97 Fenerbahce
47%
Incomings Spain DM Omar Mascarell 16/17 Real Madrid
47%
Outgoings Spain DM Omar Mascarell 18/19 Real Madrid
47%
Incomings Germany ST Ragnar Ache 20/21 Sparta Rotterdam
47%
Outgoings Germany ST Ragnar Ache 23/24 Kaiserslautern
47%
Incomings Switzerland LW Steven Zuber 20/21 Hoffenheim
47%
Outgoings Switzerland LW Steven Zuber 22/23 AEK Athens
47%
Incomings United States RB Timothy Chandler 14/15 Nuremberg
47%
Incomings Mexico CB Carlos Salcedo 18/19 Guadalajara
45%
Outgoings Mexico CB Carlos Salcedo 18/19 Tigres UANL
45%
Incomings Netherlands ST Sam Lammers 21/22 Atalanta
45%
Incomings Argentina CB David Abraham 15/16 Hoffenheim
44%
Incomings Switzerland ST Haris Seferovic 14/15 Real Sociedad
44%
Incomings Serbia ST Dejan Joveljic 19/20 Crvena Zvezda
43%
Outgoings Serbia ST Dejan Joveljic 21/22 LA Galaxy
43%
Incomings Greece ST Ioannis Amanatidis 05/06 Kaiserslautern
43%
Incomings Australia CM Ajdin Hrustic 20/21 Groningen
41%
Incomings Spain DM Lucas Torro 18/19 Real Madrid
41%
Outgoings Spain DM Lucas Torro 20/21 Osasuna
41%
Incomings Greece ST Theofanis Gekas 10/11 Bayer Leverkusen
41%
Outgoings Ghana ST Anthony Yeboah 95/96 Leeds United
40%
Outgoings Ghana ST Anthony Yeboah 94/95 Leeds United
40%
Incomings Netherlands LB Jetro Willems 17/18 PSV
40%
Outgoings Netherlands LB Jetro Willems 19/20 Newcastle United
40%
Incomings Peru CB Carlos Zambrano 12/13 St. Pauli
39%
Outgoings Peru CB Carlos Zambrano 16/17 Rubin Kazan
39%
Incomings Brazil GK Kaua Santos 23/24 Flamengo
39%
Outgoings Uruguay CM Rodrigo Zalazar 22/23 Schalke
39%
Incomings Germany RB Danny da Costa 17/18 Bayer Leverkusen
37%
Outgoings Germany LB Bastian Oczipka 17/18 Schalke
36%
Outgoings Switzerland DM Pirmin Schwegler 14/15 Hoffenheim
36%
Outgoings Germany LB Christopher Lenz 23/24 RB Leipzig
33%
Incomings Germany CB Nnamdi Collins 23/24 Borussia Dortmund
32%
Outgoings Germany RB Sebastian Jung 14/15 Wolfsburg
32%
Incomings Japan LW Takashi Inui 12/13 Bochum
32%
Incomings Hungary AM Krisztian Lisztes 24/25 Ferencvaros
31%
Incomings Brazil AM Caio 07/08 Barueri
29%
Incomings Czech Republic ST Martin Fenin 07/08 Teplice
29%
Incomings Czech Republic ST Vaclav Kadlec 13/14 Sparta Prague
29%
Outgoings Czech Republic ST Vaclav Kadlec 15/16 Midtjylland
29%
Incomings Netherlands DM Jonathan de Guzman 17/18 Napoli
28%
Outgoings Germany CB Marco Russ 11/12 Wolfsburg
27%
Incomings Israel LB Taleb Tawatha 16/17 Maccabi Haifa
25%
Incomings Germany CM Johannes Flum 13/14 Freiburg
23%
Incomings Serbia DM Slobodan Medojevic 14/15 Wolfsburg
23%
Outgoings Hungary LM Szabolcs Huszti 16/17 Changchun Yatai
21%
Incomings Canada ST Olivier Occean 12/13 Greuther Furth
20%
Outgoings Germany RW Stefan Aigner 16/17 1860 Munich
20%
Outgoings Germany AM Andreas Moller 87/88 Borussia Dortmund
19%
Outgoings Japan ST Naohiro Takahara 07/08 Urawa Red Diamonds
19%
Incomings Hungary AM Lajos Detari 87/88 Honved
17%
Outgoings Hungary AM Lajos Detari 88/89 Olympiacos
17%
Incomings Netherlands ST Luc Castaignos 15/16 Twente
16%
Outgoings Netherlands ST Luc Castaignos 16/17 Sporting CP
16%
Outgoings Germany RB Patrick Ochs 11/12 Wolfsburg
16%
Incomings Guinea CB Simon Falette 17/18 Metz
15%
Incomings Togo ST Bachirou Salou 99/00 Borussia Dortmund
12%
Incomings Greece CB Georgios Tzavellas 10/11 Panionios
12%
Incomings Germany ST Michael Thurk 06/07 Mainz
12%
Outgoings Germany ST Luca Waldschmidt 16/17 Hamburg
11%
Outgoings Germany RM Bernd Schneider 99/00 Bayer Leverkusen
9%
Outgoings Germany DM Christoph Preuß 02/03 Bayer Leverkusen
9%
Incomings China ST Yang Chen 99/00 Beijing Guoan
9%
Incomings Ecuador CB Andersson Ordonez 16/17 Barcelona (Guayaquil)
8%
Incomings Germany ST Dieter Eckstein 88/89 Nuremberg
8%
Outgoings Germany ST Dieter Eckstein 90/91 Nuremberg
8%
Incomings Croatia CB Gordon Schildenfeld 11/12 Sturm Graz
8%
Outgoings Croatia CB Gordon Schildenfeld 12/13 Dynamo Moscow
8%
Outgoings Germany DM Ralf Falkenmayer 87/88 Bayer Leverkusen
8%
Outgoings Mexico CB Aaron Galindo 08/09 Guadalajara
7%
Outgoings Germany RW Albert Streit 07/08 Schalke
7%
Incomings Poland ST Jan Furtok 93/94 Hamburg
7%
Incomings Poland ST Pawel Kryszalowicz 00/01 Amica Wronki
7%
Outgoings Germany CB Thomas Berthold 87/88 Hellas Verona
7%
Incomings Algeria CB Habib Bellaid 08/09 Strasbourg
5%
Incomings Congo RW Rolf-Christel Guie-Mien 99/00 Karlsruher
5%
Incomings Austria LW Umit Korkmaz 08/09 Rapid Vienna
5%
Outgoings Croatia ST Ivica Mornar 96/97 Sevilla
4%
Incomings Germany AM Markus Schupp 95/96 Bayern Munich
4%
Incomings Germany AM Maurizio Gaudino 93/94 Stuttgart
4%
Incomings Germany LM Thorsten Legat 94/95 Werder Bremen
4%
Incomings Norway CB Tommy Berntsen 00/01 Lillestrom
4%
Incomings Germany AM Horst Heldt 99/00 1860 Munich
3%
Incomings Germany AM Thomas Doll 94/95 Lazio
3%
Incomings Germany AM Thomas Sobotzik 99/00 Kaiserslautern
3%
No matching quizzes found
Score Distribution
Percent of People with Each Score
Percentile by Number Answered
Your Score History
You have not taken this quiz